| 000 | 00658cam a2200169 4500 | ||
|---|---|---|---|
| 008 | 021127s1981 mx r u000 0 spa d | ||
| 035 | _aa489082 | ||
| 050 | 0 | 4 |
_aPQ7758 _bB63 1981 |
| 100 | 1 |
_aBoccanera , Jorge A., _e(selección y presentación) |
|
| 245 | 1 | 0 |
_aVoces y fragmentos: _bPoesía Argentina de hoy / _c presentación y selecc. Jorge A. Boccanera |
| 260 |
_aMorelia, Michoacán, México: _bDifusión cultural / Editorial Universitaria, U.M.S.N.H. _c1981 |
||
| 300 |
_a242 p. ; _c21 cm. |
||
| 440 | 0 | _aColección Trilce-Pireni | |
| 650 | 7 |
_aPoesía Argentina _xColec. |
|
| 650 | 0 | 4 |
_aPoesía Argentina _xDécada de los 70 's. |
| 942 |
_2lcc _cLIB |
||
| 999 |
_c72047 _d72047 |
||